[Event "Sombor open – Memorijal Dragana Milicevi"]
[Site "Sombor"]
[Date "2024.11.08"]
[Round "1.1"]
[White "Kurcubic, Drago"]
[Black "Vujnovic, Igor"]
[Result "1-0"]
[WhiteElo "2117"]
[BlackElo "1840"]
[PlyCount "135"]
[EventDate "2024.11.08"]

1. e4 e6 2. d4 d5 3. Bd3 dxe4 4. Bxe4 Nf6 5. Bf3 Nc6 6. Ne2 h6 7. O-O Bd6 8. c4
O-O 9. Nbc3 a6 10. Be3 Re8 11. Ng3 Bf8 12. Qd2 e5 13. d5 Ne7 14. h3 Rb8 15.
Rfd1 Nf5 16. Nxf5 Bxf5 17. a3 e4 18. Be2 Nd7 19. b4 Ne5 20. Bd4 Qh4 21. Qe3
Rbd8 22. Bxe5 Rxe5 23. c5 Ree8 24. Bf1 Be7 25. Ne2 Bg5 26. Qg3 Qxg3 27. Nxg3
Bg6 28. c6 bxc6 29. dxc6 Rxd1 30. Rxd1 Re6 31. Bxa6 Rxc6 32. Bb7 Rc3 33. Ra1 e3
34. fxe3 Rxe3 35. Nf1 Re8 36. Bc6 Rb8 37. b5 Bf6 38. Rd1 Bc3 39. Ne3 Ba5 40.
Nc4 Bb6+ 41. Kf1 Bf5 42. Ke2 Be6 43. Bd5 Re8 44. Bxe6 Rxe6+ 45. Kd3 Re8 46.
Nxb6 cxb6 47. Kc4 Rc8+ 48. Kb4 Kf8 49. Rd6 Rb8 50. Kc4 Ke7 51. Rd3 Ke6 52. a4
Ra8 53. Kb4 f5 54. Rc3 Rb8 55. a5 bxa5+ 56. Kxa5 Kd5 57. b6 Ra8+ 58. Kb5 Ra1
59. Rd3+ Ke4 60. Rb3 Ra8 61. b7 Rb8 62. Kc6 g5 63. Kc7 Rxb7+ 64. Rxb7 f4 65.
Kd6 h5 66. Re7+ Kf5 67. Re5+ Kg6 68. Ke6 1-0

[Event "Sombor open – Memorijal Dragana Milicevi"]
[Site "Sombor"]
[Date "2024.11.08"]
[Round "1.2"]
[White "Zakula, Budimir"]
[Black "Travica, Robert"]
[Result "0-1"]
[WhiteElo "1836"]
[BlackElo "2038"]
[PlyCount "94"]
[EventDate "2024.11.08"]

1. e4 e5 2. Nf3 Nc6 3. Bc4 Bc5 4. c3 Nf6 5. d4 exd4 6. cxd4 Bb4+ 7. Bd2 Bxd2+
8. Nbxd2 d5 9. exd5 Nxd5 10. O-O O-O 11. Re1 Bg4 12. h3 Be6 13. Ne4 h6 14. Nc5
Bc8 15. Ne5 Nce7 16. Rc1 b6 17. Nb3 Bb7 18. a4 Nf4 19. Qg4 Ned5 20. g3 h5 21.
Qf3 Nxh3+ 22. Kh2 Ng5 23. Qxh5 Qf6 24. f4 Nxf4 25. Qg4 Ng6 26. Rf1 Nxe5 27.
dxe5 Nf3+ 28. Rxf3 Qxf3 29. Qxf3 Bxf3 30. e6 fxe6 31. Bxe6+ Kh7 32. Rxc7 Rae8
33. Bc4 Bg4 34. Bd3+ Kh6 35. Rc6+ Rf6 36. Rc2 Re3 37. Bc4 Bd1 38. Rc3 Rf2+ 39.
Kg1 Rxc3 40. bxc3 Bxb3 41. Bxb3 Rf3 42. Kg2 Rxc3 43. Be6 a6 44. Bd7 Kg5 45. Kh3
Kf6 46. Kh4 Ke7 47. Bg4 Rc4 0-1

[Event "Sombor open – Memorijal Dragana Milicevi"]
[Site "Sombor"]
[Date "2024.11.08"]
[Round "1.3"]
[White "Radovic, Perisa"]
[Black "Gajcin, Sinisa"]
[Result "1-0"]
[WhiteElo "1975"]
[BlackElo "1813"]
[PlyCount "59"]
[EventDate "2024.11.08"]

1. e4 c5 2. Nc3 g6 3. d4 cxd4 4. Qxd4 Nf6 5. Bf4 Nc6 6. Qd2 Bg7 7. O-O-O O-O 8.
Bh6 Bxh6 9. Qxh6 Qb6 10. f3 d6 11. h4 Be6 12. Nh3 Bxh3 13. Rxh3 Qf2 14. h5 Nd4
15. Bd3 Qxg2 16. hxg6 fxg6 17. Nd5 Rf7 18. Nxf6+ exf6 19. Rh2 Qg5+ 20. Qxg5
fxg5 21. Bc4 Nxf3 22. Bxf7+ Kxf7 23. Rxh7+ Ke6 24. Rg7 Rd8 25. Rxg6+ Ke5 26.
Rg7 Kxe4 27. Rxb7 g4 28. Rxa7 g3 29. Rg7 Kf4 30. b4 1-0

[Event "Sombor open – Memorijal Dragana Milicevi"]
[Site "Sombor"]
[Date "2024.11.08"]
[Round "1.4"]
[White "Babac, Zoran"]
[Black "Novakovic, Aleksandar"]
[Result "0-1"]
[WhiteElo "1806"]
[BlackElo "1963"]
[PlyCount "48"]
[EventDate "2024.11.08"]

1. b3 e5 2. Bb2 Nc6 3. e3 Nf6 4. Bb5 d6 5. Ne2 a6 6. Bxc6+ bxc6 7. O-O Be7 8.
c4 O-O 9. d4 exd4 10. Nxd4 Qd7 11. Nc3 d5 12. Qc2 c5 13. Nf3 d4 14. Rad1 Bb7
15. Nd5 Nxd5 16. cxd5 Bxd5 17. exd4 Bxf3 18. gxf3 cxd4 19. Rxd4 Bd6 20. Rg4 f6
21. Kh1 Rfe8 22. Rfg1 g5 23. h4 Bf4 24. Rxf4 Qh3# 0-1

[Event "Sombor open – Memorijal Dragana Milicevi"]
[Site "Sombor"]
[Date "2024.11.08"]
[Round "1.6"]
[White "Kelic, Dusan"]
[Black "Beslin, Igor"]
[Result "1-0"]
[WhiteElo "1666"]
[BlackElo "1934"]
[PlyCount "45"]
[EventDate "2024.11.08"]

1. e4 c5 2. Nf3 d6 3. d4 cxd4 4. Qxd4 Nc6 5. Bb5 Bd7 6. Qd3 Nf6 7. Be3 g6 8.
Nc3 Bg7 9. O-O-O O-O 10. a3 Ng4 11. Rhe1 Nxe3 12. Rxe3 Bh6 13. Nd5 a6 14. Ba4
b5 15. Bb3 Na5 16. Kb1 Nxb3 17. cxb3 Bxe3 18. Qxe3 Be6 19. Qh6 f6 20. Nf4 Bf7
21. Nh4 e5 22. Nh5 gxh5 23. Nf5 1-0

[Event "Sombor open – Memorijal Dragana Milicevi"]
[Site "Sombor"]
[Date "2024.11.08"]
[Round "1.7"]
[White "Stefanac, Marko"]
[Black "Kovacic, Borislav Z"]
[Result "1-0"]
[WhiteElo "1894"]
[BlackElo "1659"]
[PlyCount "43"]
[EventDate "2024.11.08"]

1. e4 e5 2. Nc3 Bc5 3. f4 Nf6 4. Nf3 Nc6 5. fxe5 Ng4 6. d4 Nxd4 7. Nxd4 Nxe5 8.
Bf4 Ng6 9. Bg3 Qf6 10. Nd5 Qxd4 11. Qxd4 Bxd4 12. Nxc7+ Ke7 13. O-O-O Bc5 14.
Nxa8 d6 15. Nc7 Be3+ 16. Kb1 Nf4 17. Bxf4 Bxf4 18. Nd5+ Ke6 19. Nxf4+ Ke5 20.
g3 a6 21. Rd5+ Kxe4 22. Bg2+ 1-0

[Event "Sombor open – Memorijal Dragana Milicevi"]
[Site "Sombor"]
[Date "2024.11.08"]
[Round "1.8"]
[White "Djurosev, Djordje"]
[Black "Delija, Dragan"]
[Result "0-1"]
[WhiteElo "1647"]
[BlackElo "1885"]
[PlyCount "41"]
[EventDate "2024.11.08"]

1. e4 c6 2. d4 d5 3. exd5 cxd5 4. c4 Nf6 5. Nc3 Nc6 6. cxd5 Nxd5 7. Nf3 Bg4 8.
Be2 g6 9. h3 Bf5 10. a3 Bg7 11. Be3 Rc8 12. Qd2 h5 13. Bd3 Nxe3 14. fxe3 Bxd3
15. Qxd3 e6 16. O-O O-O 17. Rae1 a6 18. Re2 Ne5 19. Qd2 Nc4 20. Qd1 b5 21. Nb1
0-1

[Event "Sombor open – Memorijal Dragana Milicevi"]
[Site "Sombor"]
[Date "2024.11.08"]
[Round "1.9"]
[White "Stojkovic, Andreja"]
[Black "Kokai, Lea"]
[Result "1-0"]
[WhiteElo "1881"]
[BlackElo "1613"]
[PlyCount "93"]
[EventDate "2024.11.08"]

1. e4 e5 2. Nf3 Nc6 3. Bb5 Nf6 4. O-O Bc5 5. d3 h6 6. c3 a6 7. Ba4 b5 8. Bc2
O-O 9. a4 bxa4 10. Bxa4 Bb7 11. Bxc6 Bxc6 12. Nxe5 Bb7 13. Ng4 Nxg4 14. Qxg4
Qf6 15. e5 Qe6 16. Qxe6 dxe6 17. d4 Bb6 18. Be3 f6 19. f4 fxe5 20. fxe5 Rxf1+
21. Kxf1 Rf8+ 22. Kg1 Be4 23. Nd2 Bd3 24. Nf3 Be2 25. Kf2 Bxf3 26. gxf3 a5 27.
Rg1 Rf7 28. Rg6 Re7 29. c4 Kf7 30. Rg1 Rd7 31. c5 Ba7 32. Ra1 c6 33. Rxa5 Rb7
34. b4 Bb8 35. Bd2 Bc7 36. Ra6 Bb8 37. Rxc6 Rd7 38. Ke3 g5 39. b5 Rb7 40. b6
Ke7 41. Rc8 Kd7 42. Rh8 Kc6 43. Ke4 Kb5 44. Rxh6 Kc4 45. Bxg5 Rd7 46. Be3 Rf7
47. Rxe6 1-0

[Event "Sombor open – Memorijal Dragana Milicevi"]
[Site "Sombor"]
[Date "2024.11.08"]
[Round "1.10"]
[White "Basaric, Ana"]
[Black "Pek, Istvan"]
[Result "0-1"]
[WhiteElo "1548"]
[BlackElo "1875"]
[PlyCount "73"]
[EventDate "2024.11.08"]

1. e4 c5 2. Nf3 d6 3. d4 cxd4 4. Nxd4 Nf6 5. Nc3 a6 6. Be3 e6 7. Bc4 b5 8. Bd3
Bb7 9. Bg5 Be7 10. Bxf6 Bxf6 11. Nce2 Nd7 12. c3 Rc8 13. Rc1 O-O 14. O-O d5 15.
exd5 Bxd5 16. Bc2 Qb6 17. Ng3 Qb7 18. Qd3 g6 19. Ne4 Bc4 20. Qd2 Qb6 21. Rfd1
Bg7 22. Qe3 Rfd8 23. Qf3 Bd5 24. Qf4 e5 25. Qe3 exd4 26. cxd4 Bxe4 27. Qxe4 Nf6
28. Qe3 Nd5 29. Qe4 Qd6 30. h3 Re8 31. Qd3 Bh6 32. Rb1 Nb4 33. Qa3 Rxc2 34. b3
Rxa2 35. Qxa2 Nxa2 36. Rb2 Nc3 37. Rd3 0-1

[Event "Sombor open – Memorijal Dragana Milicevi"]
[Site "Sombor"]
[Date "2024.11.11"]
[Round "2.1"]
[White "Delija, Dragan"]
[Black "Kurcubic, Drago"]
[Result "0-1"]
[WhiteElo "1885"]
[BlackElo "2117"]
[PlyCount "116"]
[EventDate "2024.11.08"]

1. d4 Nf6 2. c4 e6 3. Nf3 d5 4. Nc3 Be7 5. Bf4 c6 6. e3 O-O 7. Qc2 Nbd7 8. Bd3
Re8 9. h3 dxc4 10. Bxc4 b6 11. O-O Bb7 12. Rad1 Nf8 13. e4 Ng6 14. Be3 Rc8 15.
Rfe1 Qc7 16. Qb3 Bf8 17. Ng5 Qe7 18. d5 cxd5 19. exd5 Bxd5 20. Nxd5 Nxd5 21.
Bxd5 exd5 22. Rxd5 Qb4 23. Qxb4 Bxb4 24. Red1 f6 25. Nf3 Kf7 26. a3 Bf8 27. Kf1
Rc7 28. g3 Rec8 29. Rd7+ Be7 30. Rxc7 Rxc7 31. Ke2 Nf8 32. Nd4 Ne6 33. Nb5 Rc2+
34. Rd2 Rxd2+ 35. Kxd2 a6 36. Nd4 Nxd4 37. Bxd4 b5 38. Kd3 Ke6 39. b4 Kd5 40.
f4 g6 41. Be3 f5 42. g4 Bf6 43. Bc1 Bd4 44. g5 Bg7 45. Bd2 Bd4 46. Bc1 Bb6 47.
Bb2 Bc7 48. Bc1 a5 49. bxa5 Bxa5 50. Be3 Bc7 51. Bd2 Bd6 52. Bc1 Bf8 53. Bb2
Be7 54. Bc1 Bd6 55. h4 Bc5 56. Bb2 Be7 57. Bc1 Bd6 58. Bb2 Bxf4 0-1

[Event "Sombor open – Memorijal Dragana Milicevi"]
[Site "Sombor"]
[Date "2024.11.11"]
[Round "2.2"]
[White "Travica, Robert"]
[Black "Stojkovic, Andreja"]
[Result "1-0"]
[WhiteElo "2038"]
[BlackElo "1881"]
[PlyCount "107"]
[EventDate "2024.11.08"]

1. e4 c5 2. Nf3 Nf6 3. Nc3 Nc6 4. d4 d5 5. e5 Ne4 6. Bb5 Nxc3 7. bxc3 e6 8. Be2
cxd4 9. cxd4 Bb4+ 10. Bd2 Qa5 11. a3 Bc3 12. Ra2 O-O 13. Bxc3 Qxc3+ 14. Qd2
Qxd2+ 15. Kxd2 f6 16. exf6 gxf6 17. Bb5 Bd7 18. Re1 Rae8 19. Bxc6 Bxc6 20. Raa1
Kf7 21. Nh4 Rg8 22. f4 Rg4 23. g3 Bb5 24. Rab1 a6 25. c3 Reg8 26. Nf3 Rc8 27.
Rb4 Rc4 28. Reb1 Rxb4 29. Rxb4 Rg8 30. a4 Bc6 31. Ne1 Rc8 32. Nd3 Rc7 33. a5
Bb5 34. Nc5 Ke7 35. Rb1 Kd6 36. Re1 Re7 37. g4 Bc6 38. h4 e5 39. fxe5+ fxe5 40.
Rf1 e4 41. Rf6+ Kc7 42. Ke3 Bd7 43. g5 Be8 44. Ne6+ Kd7 45. Nf4 Bf7 46. h5 Be6
47. h6 Bg8 48. Rf5 Kd6 49. Rf8 Be6 50. Rf6 Kd7 51. Rxe6 Rxe6 52. Nxe6 Kxe6 53.
g6 hxg6 54. h7 1-0

[Event "Sombor open – Memorijal Dragana Milicevi"]
[Site "Sombor"]
[Date "2024.11.11"]
[Round "2.3"]
[White "Pek, Istvan"]
[Black "Radovic, Perisa"]
[Result "0-1"]
[WhiteElo "1875"]
[BlackElo "1975"]
[PlyCount "48"]
[EventDate "2024.11.08"]

1. Nf3 Nf6 2. d4 g6 3. c4 Bg7 4. Nc3 d6 5. e4 Nbd7 6. Be2 a5 7. O-O O-O 8. Ne1
e5 9. d5 Nc5 10. Qc2 Ne8 11. Nd3 f5 12. Nxc5 dxc5 13. f4 Nd6 14. Be3 b6 15.
Rae1 fxe4 16. fxe5 Bxe5 17. Rxf8+ Qxf8 18. b3 Qe7 19. Rf1 Qh4 20. g3 Bxg3 21.
Bd1 Bh3 22. Rf2 Bxf2+ 23. Bxf2 Qg5+ 24. Bg3 Rf8 0-1

[Event "Sombor open – Memorijal Dragana Milicevi"]
[Site "Sombor"]
[Date "2024.11.11"]
[Round "2.4"]
[White "Novakovic, Aleksandar"]
[Black "Knezevic, Janko"]
[Result "1-0"]
[WhiteElo "1963"]
[BlackElo "1870"]
[PlyCount "47"]
[EventDate "2024.11.08"]

1. e4 c5 2. c3 d6 3. Nf3 Nc6 4. Bc4 e6 5. O-O Nf6 6. Re1 Be7 7. d4 cxd4 8. Nxd4
O-O 9. Bg5 a6 10. Nxc6 bxc6 11. e5 dxe5 12. Qe2 Nd7 13. Be3 Qc7 14. Nd2 Nb6 15.
Bxb6 Qxb6 16. Qxe5 Bf6 17. Qg3 Qxb2 18. Ne4 Be7 19. Rab1 Qa3 20. Qc7 Bf6 21.
Nxf6+ gxf6 22. Qg3+ Kh8 23. Qh4 Qxc3 24. Re3 1-0

[Event "Sombor open – Memorijal Dragana Milicevi"]
[Site "Sombor"]
[Date "2024.11.11"]
[Round "2.5"]
[White "Ivosevic, Nikola"]
[Black "Kelic, Dusan"]
[Result "1/2-1/2"]
[WhiteElo "1937"]
[BlackElo "1666"]
[PlyCount "72"]
[EventDate "2024.11.08"]

1. c4 Nf6 2. Nf3 c5 3. Nc3 Nc6 4. g3 e6 5. d4 d5 6. cxd5 exd5 7. Bg2 Be7 8. O-O
O-O 9. dxc5 Bxc5 10. Bg5 Be6 11. e3 Be7 12. Qe2 Qb6 13. Rfd1 Rfd8 14. Nb5 a6
15. Nbd4 h6 16. Nxe6 fxe6 17. Bxf6 Bxf6 18. Bh3 Rd6 19. Rd2 Rad8 20. Rad1 Kf7
21. Nd4 Ne7 22. f4 g6 23. Kh1 Nf5 24. Bxf5 exf5 25. Kg2 Re8 26. Qd3 Re4 27. Kf3
Bxd4 28. exd4 Rde6 29. Kf2 Re3 30. Qxe3 Rxe3 31. Kxe3 Qe6+ 32. Kf2 Qc6 33. Re1
Qc4 34. b3 Qc3 35. Ree2 Qb4 36. Rd3 Kf6 1/2-1/2

[Event "Sombor open – Memorijal Dragana Milicevi"]
[Site "Sombor"]
[Date "2024.11.11"]
[Round "2.7"]
[White "Beslin, Igor"]
[Black "Djurosev, Djordje"]
[Result "1-0"]
[WhiteElo "1934"]
[BlackElo "1647"]
[PlyCount "67"]
[EventDate "2024.11.08"]

1. e4 c6 2. d4 d5 3. exd5 cxd5 4. Bd3 Nf6 5. Bf4 Nc6 6. c3 e6 7. Nf3 Bd6 8. Ne5
O-O 9. O-O Qb6 10. Qc2 g6 11. Re1 Qc7 12. Qe2 Nh5 13. Bh6 Nxe5 14. dxe5 Bxe5
15. Qxe5 Qxe5 16. Rxe5 Re8 17. Nd2 f6 18. Re3 g5 19. g3 e5 20. f4 e4 21. Bb5
Re6 22. fxg5 fxg5 23. Bxg5 Rg6 24. Be7 Rb6 25. c4 Be6 26. Bc5 Rxb5 27. cxb5 Rc8
28. Nb3 Bh3 29. Rc1 b6 30. Bd4 Rf8 31. Rec3 Kf7 32. Rc7+ Kg6 33. Nd2 Ng7 34.
Rxg7+ 1-0

[Event "Sombor open – Memorijal Dragana Milicevi"]
[Site "Sombor"]
[Date "2024.11.11"]
[Round "2.8"]
[White "Vujnovic, Igor"]
[Black "Basaric, Ana"]
[Result "1-0"]
[WhiteElo "1840"]
[BlackElo "1548"]
[PlyCount "63"]
[EventDate "2024.11.08"]

1. e4 c5 2. Nf3 Nc6 3. d4 cxd4 4. Nxd4 g6 5. Nc3 Bg7 6. Be3 Nf6 7. Be2 O-O 8.
O-O d6 9. h3 Bd7 10. Qd2 Rc8 11. Nxc6 Bxc6 12. Bf3 a6 13. Bh6 Re8 14. Bxg7 Kxg7
15. Nd5 Bxd5 16. exd5 Qc7 17. c3 b5 18. Rad1 a5 19. Rfe1 Qc5 20. a3 Qb6 21. g4
a4 22. g5 Nd7 23. Bg4 Rcd8 24. Bxd7 Rxd7 25. Qf4 Qc5 26. Qh4 Kg8 27. Qh6 Qc4
28. Rd4 Qc5 29. Rh4 f6 30. Qxh7+ Kf8 31. Qh8+ Kf7 32. Rh7# 1-0

[Event "Sombor open – Memorijal Dragana Milicevi"]
[Site "Sombor"]
[Date "2024.11.11"]
[Round "2.9"]
[White "Kovacic, Borislav Z"]
[Black "Zakula, Budimir"]
[Result "0-1"]
[WhiteElo "1659"]
[BlackElo "1836"]
[PlyCount "52"]
[EventDate "2024.11.08"]

1. c4 e5 2. e3 Nc6 3. Nc3 Bc5 4. Nf3 Nf6 5. a3 e4 6. Ng5 O-O 7. b4 Be7 8. Ngxe4
Nxe4 9. Nxe4 d5 10. cxd5 Qxd5 11. Nc3 Qg5 12. d4 Bd6 13. Ne4 Qg6 14. Nxd6 Qxd6
15. Qc2 Re8 16. Bd3 Nxd4 17. Bxh7+ Kf8 18. Qd3 g6 19. Qc3 Bg4 20. O-O Ne2+ 21.
Kh1 Nxc3 22. Bb2 Qd2 23. Bc1 Qc2 24. e4 Kg7 25. Bf4 Kxh7 26. Rac1 Qxe4 0-1

[Event "Sombor open – Memorijal Dragana Milicevi"]
[Site "Sombor"]
[Date "2024.11.13"]
[Round "3.1"]
[White "Kurcubic, Drago"]
[Black "Novakovic, Aleksandar"]
[Result "1/2-1/2"]
[WhiteElo "2117"]
[BlackElo "1963"]
[PlyCount "137"]
[EventDate "2024.11.08"]

1. e4 e5 2. Nf3 Nf6 3. Nc3 Nc6 4. d4 exd4 5. Nd5 d6 6. Bb5 a6 7. Nxf6+ Qxf6 8.
Bxc6+ bxc6 9. Qxd4 Qxd4 10. Nxd4 c5 11. Ne2 Bb7 12. f3 Be7 13. Bd2 Bf6 14. Bc3
Bxc3+ 15. Nxc3 Rb8 16. O-O-O O-O 17. Nd5 Bxd5 18. Rxd5 Rfe8 19. Re1 f6 20. g4
Kf7 21. h4 Re6 22. Red1 Re5 23. R5d3 h5 24. gxh5 Rxh5 25. Ra3 Rb6 26. Rh1 g5
27. f4 Rxh4 28. Rxh4 gxh4 29. Rh3 Rb4 30. Rxh4 Rxe4 31. Kd2 Kg6 32. Kd3 d5 33.
b3 c6 34. a4 Kf5 35. a5 Rxf4 36. Rh8 c4+ 37. bxc4 Rxc4 38. Ra8 Kf4 39. Rxa6 Kf3
40. Ra8 f5 41. a6 Ra4 42. a7 f4 43. Kc3 c5 44. Kb3 Ra5 45. Kc3 Ra4 46. Kb3 Rb4+
47. Kc3 d4+ 48. Kd3 Ra4 49. Rc8 Ra3+ 50. Kd2 Rxa7 51. Rxc5 Ra4 52. Rc8 Kf2 53.
Rf8 f3 54. Kd3 Kg2 55. Rf7 Ra3+ 56. Kxd4 f2 57. c3 Ra1 58. c4 f1=Q 59. Rxf1
Rxf1 60. c5 Kf3 61. c6 Kf4 62. Kd5 Kf5 63. c7 Rc1 64. Kd6 Kf6 65. Kd7 Rd1+ 66.
Kc6 Ke7 67. c8=Q Rc1+ 68. Kb7 Rxc8 69. Kxc8 1/2-1/2

[Event "Sombor open – Memorijal Dragana Milicevi"]
[Site "Sombor"]
[Date "2024.11.13"]
[Round "3.2"]
[White "Radovic, Perisa"]
[Black "Travica, Robert"]
[Result "1/2-1/2"]
[WhiteElo "1975"]
[BlackElo "2038"]
[PlyCount "47"]
[EventDate "2024.11.08"]

1. e4 e5 2. d4 exd4 3. Qxd4 Nc6 4. Qe3 Nf6 5. Bd2 g6 6. Nc3 Bg7 7. O-O-O O-O 8.
f4 d5 9. exd5 Nxd5 10. Nxd5 Qxd5 11. Qb3 Qxb3 12. axb3 Bg4 13. Be2 Bxe2 14.
Nxe2 Rfe8 15. Rhe1 Rad8 16. c3 Re7 17. Kc2 f5 18. Nc1 Red7 19. Be3 Kf7 20.
Rxd7+ Rxd7 21. Nd3 b6 22. b4 a5 23. b5 Nd8 24. b4 1/2-1/2

[Event "Sombor open – Memorijal Dragana Milicevi"]
[Site "Sombor"]
[Date "2024.11.13"]
[Round "3.3"]
[White "Kelic, Dusan"]
[Black "Mandaric, Petar"]
[Result "0-1"]
[WhiteElo "1666"]
[BlackElo "1851"]
[PlyCount "47"]
[EventDate "2024.11.08"]

1. e4 c5 2. Nf3 d6 3. d4 cxd4 4. Qxd4 Nc6 5. Bb5 Bd7 6. Qd3 a6 7. Bc4 e6 8. Bd2
Nf6 9. Nc3 Nb4 10. Qe2 Nxc2+ 11. Kd1 Nxa1 12. e5 dxe5 13. Nxe5 Be7 14. Qd3 b5
15. Nxd7 Nxd7 16. Nxb5 axb5 17. Bxb5 Rxa2 18. Ke2 Bf6 19. Rb1 Rxb2 20. Rxb2
Bxb2 21. Ba5 Qc8 22. Ba4 O-O 23. Bb4 Nc5 24. Bc2 0-1

[Event "Sombor open – Memorijal Dragana Milicevi"]
[Site "Sombor"]
[Date "2024.11.13"]
[Round "3.5"]
[White "Zakula, Budimir"]
[Black "Beslin, Igor"]
[Result "0-1"]
[WhiteElo "1836"]
[BlackElo "1934"]
[PlyCount "70"]
[EventDate "2024.11.08"]

1. e4 c5 2. Nf3 d6 3. d4 cxd4 4. Nxd4 Nf6 5. Nc3 a6 6. Bc4 e6 7. Bb3 Be7 8. Be3
O-O 9. f3 Nc6 10. Qd2 Na5 11. O-O Nxb3 12. axb3 Bd7 13. Kh1 Qc7 14. f4 Rad8 15.
f5 e5 16. Nde2 Bc6 17. Nd5 Nxd5 18. exd5 Bd7 19. c4 Qc8 20. Ng3 f6 21. Bb6 Rde8
22. Qd3 Bd8 23. Be3 Kf7 24. Ne4 Be7 25. g4 h6 26. c5 Bb5 27. Qd2 dxc5 28. d6
Qc6 29. Qc2 Bxd6 30. Rfd1 Rd8 31. Kg1 Be7 32. Nd2 Rd3 33. Nc4 Rxd1+ 34. Rxd1
Qf3 35. Qd3 Rd8 0-1

[Event "Sombor open – Memorijal Dragana Milicevi"]
[Site "Sombor"]
[Date "2024.11.13"]
[Round "3.7"]
[White "Stojkovic, Andreja"]
[Black "Vujnovic, Igor"]
[Result "0-1"]
[WhiteElo "1881"]
[BlackElo "1840"]
[PlyCount "75"]
[EventDate "2024.11.08"]

1. e4 e6 2. d4 d5 3. Nd2 dxe4 4. Nxe4 Nd7 5. Nf3 Ngf6 6. Nxf6+ Nxf6 7. Bg5 Be7
8. Bd3 h6 9. Bh4 Bd7 10. Ne5 c5 11. dxc5 Qa5+ 12. c3 Qxc5 13. Bxf6 Bxf6 14.
Nxd7 Kxd7 15. Be4+ Kc7 16. Qf3 Rhd8 17. O-O Rd6 18. Bxb7 Rb8 19. b4 Qb6 20. Be4
Rbd8 21. a4 Kd7 22. a5 Qc7 23. Rac1 Ke7 24. g3 Bg5 25. Rc2 f5 26. Bxf5 exf5 27.
Qxf5 Re6 28. c4 Rd4 29. Qf3 Rde4 30. Qc3 Bf6 31. Qd3 Rd4 32. Qb3 Ree4 33. c5
Rxb4 34. Qa3 Kf7 35. f3 Rec4 36. Rxc4 Rxc4 37. c6 Rxc6 38. Qb3+ 0-1

[Event "Sombor open – Memorijal Dragana Milicevi"]
[Site "Sombor"]
[Date "2024.11.13"]
[Round "3.8"]
[White "Kokai, Lea"]
[Black "Pek, Istvan"]
[Result "0-1"]
[WhiteElo "1613"]
[BlackElo "1875"]
[PlyCount "62"]
[EventDate "2024.11.08"]

1. e4 c5 2. d4 cxd4 3. c3 d3 4. Bxd3 d6 5. Nf3 Nc6 6. O-O Nf6 7. h3 e6 8. c4
Be7 9. Nc3 O-O 10. Be3 b6 11. Qe2 Bb7 12. Rfd1 Rc8 13. Bc2 Qc7 14. Bb3 Qb8 15.
Rac1 Qa8 16. Nb5 Rfd8 17. Bf4 Qb8 18. Nc3 Ne5 19. Nxe5 dxe5 20. Bg3 a6 21. a3
Qc7 22. Kh2 Kf8 23. f3 Nh5 24. Bf2 Nf4 25. Rxd8+ Rxd8 26. Qe3 Bc5 27. Qe1 Bxf2
28. Qxf2 Nd3 29. Qc2 Nxc1 30. Qxc1 Bc6 31. Qg5 h6 0-1

[Event "Sombor open – Memorijal Dragana Milicevi"]
[Site "Sombor"]
[Date "2024.11.13"]
[Round "3.9"]
[White "Knezevic, Janko"]
[Black "Gajcin, Sinisa"]
[Result "1-0"]
[WhiteElo "1870"]
[BlackElo "1813"]
[PlyCount "65"]
[EventDate "2024.11.08"]

1. e4 c5 2. Nf3 g6 3. d4 cxd4 4. Qxd4 Nf6 5. e5 Nc6 6. Qd1 Ng4 7. e6 fxe6 8.
Nh4 Nf6 9. Bd3 Ne5 10. f4 Nxd3+ 11. Qxd3 Kf7 12. Nc3 Bg7 13. Bd2 a6 14. g4 d5
15. f5 exf5 16. gxf5 gxf5 17. Nxf5 Bxf5 18. Qxf5 e6 19. Qh3 Qb6 20. Rf1 Ke7 21.
Bg5 Qd4 22. Be3 Qg4 23. Bc5+ Ke8 24. Qd3 Nd7 25. Be3 Ne5 26. Qe2 Qxe2+ 27. Nxe2
Nc4 28. Bd2 Bxb2 29. Rb1 Rf8 30. Nf4 Kd7 31. Bb4 Rf5 32. Nd3 Rxf1+ 33. Kxf1 {
NECITKO} 1-0

[Event "Sombor open – Memorijal Dragana Milicevi"]
[Site "Sombor"]
[Date "2024.11.13"]
[Round "3.10"]
[White "Basaric, Ana"]
[Black "Kovacic, Borislav Z"]
[Result "0-1"]
[WhiteElo "1548"]
[BlackElo "1659"]
[PlyCount "40"]
[EventDate "2024.11.08"]

1. e4 e5 2. Nf3 Nf6 3. Nc3 d6 4. Bc4 Bg4 5. h3 Bh5 6. d3 Nbd7 7. Be3 c6 8. Bb3
Qa5 9. O-O Bg6 10. a3 h6 11. Ba2 Nh5 12. d4 O-O-O 13. d5 c5 14. Qd3 Be7 15. g4
Nf4 16. Bxf4 exf4 17. Qb5 Qc7 18. Qc4 Nf6 19. Nb5 Qb8 20. Rab1 a6 {NECITKO.}
0-1

[Event "Sombor open – Memorijal Dragana Milicevi"]
[Site "Sombor"]
[Date "2024.11.13"]
[Round "3.11"]
[White "Djurosev, Djordje"]
[Black "Loncar, Jovan"]
[Result "0-1"]
[WhiteElo "1647"]
[BlackElo "1524"]
[PlyCount "106"]
[EventDate "2024.11.08"]

1. e4 d6 2. d4 Nf6 3. Nc3 g6 4. Nf3 Bg7 5. h3 c6 6. Be3 b5 7. a3 O-O 8. Bd3
Nbd7 9. Qd2 Bb7 10. O-O a6 11. Ne2 e5 12. dxe5 Nxe5 13. Nxe5 dxe5 14. Ng3 Qc7
15. Qe2 c5 16. c3 c4 17. Bc2 Rad8 18. f4 exf4 19. Bxf4 Qc5+ 20. Be3 Qc7 21. Bf4
Qc5+ 22. Kh1 Rfe8 23. Rae1 Nd5 24. Qf3 Nxf4 25. Qxf4 Re7 26. h4 Be5 27. Qf3 Qc7
28. Ne2 Rd2 29. Rc1 Rd6 30. Ra1 Rf6 31. Qg4 Rxf1+ 32. Rxf1 Qc5 33. Rd1 Bd6 34.
h5 Qe5 35. g3 Bc7 36. hxg6 hxg6 37. Rd7 Rxd7 38. Qxd7 Bxe4+ 39. Kg1 Bxc2 40.
Kf2 Bd3 41. Nf4 Bb6+ 42. Kg2 Be4+ 43. Kh2 Bc7 44. Qc8+ Kg7 45. Qg4 Qf5 46. Qxf5
Bxf5 47. Nd5 Bd8 48. Kg1 Be4 49. Nf4 Bg5 50. Ne2 Bd3 51. Nf4 Bxf4 52. gxf4 Kf6
53. Kf2 Ke6 0-1

[Event "Sombor open – Memorijal Dragana Milicevi"]
[Site "Sombor"]
[Date "2024.11.15"]
[Round "4.1"]
[White "Mandaric, Petar"]
[Black "Kurcubic, Drago"]
[Result "0-1"]
[WhiteElo "1851"]
[BlackElo "2117"]
[PlyCount "106"]
[EventDate "2024.11.08"]

1. e4 c6 2. d4 d5 3. e5 Bf5 4. g4 Bd7 5. f4 e6 6. Nf3 c5 7. c3 Nc6 8. Be3 Qb6
9. b3 h5 10. g5 g6 11. h4 cxd4 12. cxd4 Nge7 13. Bh3 Nf5 14. Bxf5 exf5 15. a3
Nd8 16. Nc3 Bc6 17. Kf2 Ne6 18. Qd3 Be7 19. Rhb1 a5 20. Na4 Qa6 21. Ne1 Bb5 22.
Qd2 O-O 23. Nc3 Rfd8 24. Nxb5 Qxb5 25. Qd3 Qxd3 26. Nxd3 Rdc8 27. Ra2 Rc3 28.
Ke2 Rac8 29. Kd2 b6 30. Rbb2 R8c7 31. Ne1 Kf8 32. Rc2 Rxb3 33. Rxc7 Nxc7 34.
Rc2 Ne6 35. Rc8+ Kg7 36. Rc3 Rxa3 37. Rxa3 Bxa3 38. Kc2 Kf8 39. Kb3 Be7 40. Ka4
Nc7 41. Nd3 Ke8 42. e6 Nxe6 43. Kb5 f6 44. Kxb6 fxg5 45. fxg5 a4 46. Kc6 a3 47.
Nc1 f4 48. Bf2 Bb4 49. Kxd5 Bd2 50. Na2 Be3 51. Kxe6 Bxf2 52. Ke5 f3 53. Kf4
Bxh4 0-1